Vliv čerpání dotací na marketingovou vitalitu českých rodinných firem
Definovanie rodinného podnikania. Podpora (rodinného) podnikania prostredníctvom dotácií. Vitalita. Zber dát pre marketingovú vitalitu. Zber dát pre dotácie. Manuálna úprava dát. Výsledky výskumu.
Guardado en:
| Autor principal: | |
|---|---|
| Formato: | Capítulo de libro |
| Lenguaje: | checo |
| Materias: | |
| Etiquetas: |
Sin Etiquetas, Sea el primero en etiquetar este registro!
|
MARC
| LEADER | 00000naa a2200000 4500 | ||
|---|---|---|---|
| 001 | 0253194 | ||
| 005 | 20190423151514.9 | ||
| 041 | 0 | |a cze | |
| 044 | |a CZ | ||
| 245 | 1 | 0 | |a Vliv čerpání dotací na marketingovou vitalitu českých rodinných firem |c Andrea Tomášková |
| 520 | |a Definovanie rodinného podnikania. Podpora (rodinného) podnikania prostredníctvom dotácií. Vitalita. Zber dát pre marketingovú vitalitu. Zber dát pre dotácie. Manuálna úprava dát. Výsledky výskumu. | ||
| 610 | 2 | 0 | |a podnikanie rodinné |
| 610 | 2 | 0 | |a dotácie |
| 610 | 2 | 0 | |a podnikanie |
| 610 | 2 | 0 | |a firmy |
| 610 | 2 | 0 | |a marketing |
| 610 | 2 | 0 | |a Česko |
| 100 | 1 | |a Tomášková, Andrea | |